[Event "World Chess Olympiad 2018"]
[Site "Batumi"]
[Date "2018.09.30"]
[Round "6"]
[Board "1"]
[WhiteFideId "24613959"]
[White "Stratonowitsch Andre"]
[BlackFideId "20300166"]
[Black "Ntamatungiro Wilfried"]
[Result "1-0"]
[LiveChessVersion "1.4.8"]
[BlackElo "1765"]
[WhiteElo "2138"]

1. e4 {[%clk 1:30:57]} Nc6 {[%clk 1:30:53]} 2. Nf3 {[%clk 1:31:14]} f5
{[%clk 1:30:54]} 3. exf5 {[%clk 1:31:13]} d5 {[%clk 1:31:17]} 4. Bb5
{[%clk 1:31:15]} Bxf5 {[%clk 1:31:35]} 5. Ne5 {[%clk 1:31:27]} Qd6
{[%clk 1:30:21]} 6. d4 {[%clk 1:31:53]} a6 {[%clk 1:30:32]} 7. Bxc6+
{[%clk 1:32:03]} bxc6 {[%clk 1:30:47]} 8. O-O {[%clk 1:31:37]} g6
{[%clk 1:24:31]} 9. c4 {[%clk 1:31:56]} Bg7 {[%clk 1:21:00]} 10. c5
{[%clk 1:31:46]} Qf6 {[%clk 1:20:52]} 11. Nc3 {[%clk 1:28:26]} Nh6
{[%clk 1:18:29]} 12. Qa4 {[%clk 1:28:37]} O-O {[%clk 1:10:48]} 13. Qxc6
{[%clk 1:27:05]} Qh4 {[%clk 1:09:59]} 14. Nf3 {[%clk 1:23:26]} Qh5
{[%clk 1:05:43]} 15. Nxd5 {[%clk 1:21:26]} Bg4 {[%clk 1:00:33]} 16. Ne5
{[%clk 1:08:46]} Rad8 {[%clk 0:47:14]} 17. Nxe7+ {[%clk 0:55:22]} Kh8
{[%clk 0:47:19]} 18. Bxh6 {[%clk 0:42:33]} Bxh6 {[%clk 0:46:32]} 19. Nxg4
{[%clk 0:35:03]} Qxg4 {[%clk 0:46:28]} 20. Rae1 {[%clk 0:34:55]} Rxd4
{[%clk 0:41:50]} 21. Nd5 {[%clk 0:31:38]} Qf5 {[%clk 0:39:44]} 22. Nc3
{[%clk 0:25:37]} Rd2 {[%clk 0:32:03]} 23. Ne4 {[%clk 0:25:43]} Rxb2
{[%clk 0:30:55]} 24. Qxa6 {[%clk 0:25:08]} Bg7 {[%clk 0:29:30]} 25. Re2
{[%clk 0:21:46]} Rb4 {[%clk 0:26:48]} 26. Qc6 {[%clk 0:20:08]} Be5
{[%clk 0:21:43]} 27. a4 {[%clk 0:17:39]} Qh5 {[%clk 0:21:42]} 28. Ng3
{[%clk 0:16:14]} Bxg3 {[%clk 0:22:01]} 29. fxg3 {[%clk 0:16:23]} Rxf1+
{[%clk 0:12:24]} 30. Kxf1 {[%clk 0:16:46]} Rb1+ {[%clk 0:11:35]} 31. Re1
{[%clk 0:11:03]} Qf5+ {[%clk 0:11:35]} 32. Qf3 {[%clk 0:11:23]} Rxe1+
{[%clk 0:11:54]} 33. Kxe1 {[%clk 0:11:37]} Qxc5 {[%clk 0:12:16]} 34. Qf6+
{[%clk 0:08:12]} Kg8 {[%clk 0:11:39]} 35. Qe6+ {[%clk 0:08:02]} Kh8
{[%clk 0:11:34]} 36. Qe4 {[%clk 0:07:52]} Qg1+ {[%clk 0:09:53]} 37. Ke2
{[%clk 0:08:11]} Qxh2 {[%clk 0:09:54]} 38. Qe8+ {[%clk 0:07:19]} Kg7
{[%clk 0:09:58]} 39. Qe7+ {[%clk 0:07:44]} Kg8 {[%clk 0:08:39]} 40. Qd8+
{[%clk 0:08:06]} Kf7 {[%clk 0:08:26]} 41. Qxc7+ {[%clk 0:08:29]} Kf6
{[%clk 0:08:45]} 42. Kf2 {[%clk 0:06:04]} Qh5 {[%clk 0:05:22]} 43. a5
{[%clk 0:05:11]} Qd5 {[%clk 0:05:28]} 44. Qb6+ {[%clk 0:04:48]} Ke5
{[%clk 0:03:31]} 45. Qb4 {[%clk 0:30:31]} Qd3 {[%clk 0:32:00]} 46. Qf4+
{[%clk 0:25:33]} Kd5 {[%clk 0:26:52]} 47. Qf3+ {[%clk 0:25:35]} Qxf3+
{[%clk 0:27:12]} 48. Kxf3 {[%clk 0:25:57]} Kc5 {[%clk 0:27:30]} 49. Kf4
{[%clk 0:26:20]} h6 {[%clk 0:25:32]} 1-0

[Event "World Chess Olympiad 2018"]
[Site "Batumi"]
[Date "2018.09.30"]
[Round "6"]
[Board "3"]
[WhiteFideId "9800069"]
[White "Hoareau Benjamin"]
[BlackFideId "20300034"]
[Black "Ntagasigumwami Deo"]
[Result "0-1"]
[LiveChessVersion "1.4.8"]
[BlackElo "1720"]
[WhiteElo "1820"]

1. d4 {[%clk 1:30:56]} Nf6 {[%clk 1:30:47]} 2. c4 {[%clk 1:31:18]} e6
{[%clk 1:30:57]} 3. Nf3 {[%clk 1:31:09]} Bb4+ {[%clk 1:30:57]} 4. Nc3
{[%clk 1:31:08]} O-O {[%clk 1:31:14]} 5. a3 {[%clk 1:31:02]} Bxc3+
{[%clk 1:31:18]} 6. bxc3 {[%clk 1:31:26]} b6 {[%clk 1:30:37]} 7. Bg5
{[%clk 1:31:05]} Ba6 {[%clk 1:28:43]} 8. e4 {[%clk 1:30:57]} h6 {[%clk 1:27:10]}
9. Bh4 {[%clk 1:30:45]} Qe8 {[%clk 1:20:25]} 10. Bxf6 {[%clk 1:28:37]} gxf6
{[%clk 1:20:52]} 11. Qd2 {[%clk 1:28:47]} Kh7 {[%clk 1:20:45]} 12. Qf4
{[%clk 1:28:05]} d6 {[%clk 1:16:53]} 13. Qxf6 {[%clk 1:23:16]} Nd7
{[%clk 1:16:02]} 14. Qh4 {[%clk 1:22:32]} f6 {[%clk 1:10:45]} 15. Bd3
{[%clk 1:22:02]} Qg6 {[%clk 1:07:54]} 16. Qh3 {[%clk 1:21:47]} Rae8
{[%clk 1:02:25]} 17. Nh4 {[%clk 1:21:47]} Qg5 {[%clk 1:00:29]} 18. O-O
{[%clk 1:19:18]} Qf4 {[%clk 0:56:06]} 19. Rad1 {[%clk 1:12:27]} Rg8
{[%clk 0:51:46]} 20. g3 {[%clk 1:09:58]} Re7 {[%clk 0:47:04]} 21. e5+
{[%clk 0:55:03]} f5 {[%clk 0:43:07]} 22. Kh1 {[%clk 0:53:03]} Bb7+
{[%clk 0:40:39]} 23. f3 {[%clk 0:52:25]} Qe3 {[%clk 0:37:00]} 24. Ng2
{[%clk 0:52:02]} Bxf3 {[%clk 0:33:07]} 25. Rfe1 {[%clk 0:46:31]} Qg5
{[%clk 0:31:20]} 26. exd6 {[%clk 0:46:07]} Bg4 {[%clk 0:28:26]} 27. Qh4
{[%clk 0:45:30]} Qxh4 28. Nxh4 {[%clk 0:45:53]} cxd6 {[%clk 0:27:17]} 29. Rd2
{[%clk 0:45:15]} Rgg7 {[%clk 0:24:43]} 30. Rf2 {[%clk 0:44:03]} Kg8
{[%clk 0:23:56]} 31. Ng2 {[%clk 0:42:39]} Nf6 {[%clk 0:20:59]} 32. Nf4
{[%clk 0:32:25]} e5 {[%clk 0:19:30]} 33. dxe5 {[%clk 0:29:57]} dxe5
{[%clk 0:19:10]} 34. Nd5 {[%clk 0:30:04]} Nxd5 {[%clk 0:18:23]} 35. cxd5
{[%clk 0:25:58]} e4 {[%clk 0:18:00]} 36. d6 {[%clk 0:24:55]} Rd7 {[%clk 0:17:12]}
37. Bc4+ {[%clk 0:23:43]} Kh8 {[%clk 0:13:26]} 38. Kg2 {[%clk 0:15:20]} Rxd6
{[%clk 0:12:39]} 39. h3 {[%clk 0:15:22]} Bf3+ {[%clk 0:12:43]} 40. Rxf3
{[%clk 0:15:23]} exf3+ {[%clk 0:12:42]} 41. Kxf3 {[%clk 0:15:51]} Rc6
{[%clk 0:10:53]} 42. Re8+ {[%clk 0:15:28]} Kh7 43. Bd3 Rxc3 {[%clk 0:08:06]} 44.
Rd8 {[%clk 0:15:52]} Rxa3 {[%clk 0:07:46]} 45. Kf4 {[%clk 0:16:19]} Rxd3
{[%clk 0:05:56]} 46. Rxd3 {[%clk 0:16:42]} Rf7 {[%clk 0:05:57]} 47. Rd5
{[%clk 0:15:26]} Kg6 {[%clk 0:05:59]} 48. Ke5 {[%clk 0:14:46]} Re7+
{[%clk 0:05:41]} 49. Kf4 {[%clk 0:15:01]} Re4+ {[%clk 0:05:38]} 50. Kf3
{[%clk 0:15:15]} Kf6 {[%clk 0:04:18]} 51. Rd7 {[%clk 0:14:18]} a5
{[%clk 0:04:10]} 52. Rd6+ {[%clk 0:14:42]} Re6 {[%clk 0:04:38]} 53. Rd8
{[%clk 0:15:07]} a4 {[%clk 0:04:07]} 0-1

[Event "World Chess Olympiad 2018"]
[Site "Batumi"]
[Date "2018.09.30"]
[Round "6"]
[Board "1"]
[WhiteFideId "10609431"]
[White "Bongo Akanga Ndjila Barthelemy"]
[BlackFideId "21100039"]
[Black "Bah Ebrima"]
[Result "0-1"]
[LiveChessVersion "1.4.8"]
[BlackElo "2066"]
[WhiteElo "1765"]

1. d4 {[%clk 1:30:11]} Nf6 {[%clk 1:30:50]} 2. c4 {[%clk 1:30:37]} e6
{[%clk 1:30:26]} 3. Nf3 {[%clk 1:30:57]} c6 {[%clk 1:29:29]} 4. g3
{[%clk 1:29:15]} d5 {[%clk 1:29:14]} 5. Qc2 {[%clk 1:28:24]} Bb4+
{[%clk 1:25:27]} 6. Bd2 {[%clk 1:27:46]} Bxd2+ {[%clk 1:24:44]} 7. Nbxd2
{[%clk 1:28:07]} O-O {[%clk 1:24:20]} 8. Bg2 {[%clk 1:28:17]} Na6
{[%clk 1:20:18]} 9. a3 {[%clk 1:26:38]} b6 {[%clk 1:19:58]} 10. e4
{[%clk 1:25:14]} dxe4 {[%clk 1:19:19]} 11. Nxe4 {[%clk 1:25:40]} Nxe4
{[%clk 1:18:36]} 12. Qxe4 {[%clk 1:26:06]} Bb7 {[%clk 1:18:56]} 13. O-O
{[%clk 1:26:18]} Rb8 {[%clk 1:18:55]} 14. Qc2 {[%clk 1:09:30]} c5 15. dxc5
{[%clk 1:09:44]} Nxc5 {[%clk 1:17:12]} 16. Rad1 {[%clk 1:10:05]} Qf6
{[%clk 1:17:07]} 17. Nd4 {[%clk 1:07:47]} Bxg2 {[%clk 1:11:40]} 18. Kxg2
{[%clk 1:08:06]} e5 {[%clk 1:10:37]} 19. Nf5 {[%clk 1:00:37]} e4 {[%clk 1:02:55]}
20. Ne3 {[%clk 0:58:35]} Qf3+ {[%clk 1:02:32]} 21. Kg1 {[%clk 0:58:33]} Nd3
{[%clk 1:02:14]} 22. Rd2 {[%clk 0:58:01]} f5 {[%clk 1:01:58]} 23. Qd1
{[%clk 0:57:10]} Qxd1 24. Rfxd1 {[%clk 0:57:02]} f4 {[%clk 0:52:47]} 25. Nd5 g5
{[%clk 0:51:13]} 26. Re2 {[%clk 0:56:48]} Rbe8 {[%clk 0:48:28]} 27. f3
{[%clk 0:55:42]} Ne5 {[%clk 0:43:40]} 28. fxe4 {[%clk 0:50:12]} f3
{[%clk 0:42:07]} 29. Rc2 {[%clk 0:47:17]} Ng4 {[%clk 0:42:05]} 30. h3
{[%clk 0:46:55]} f2+ {[%clk 0:41:47]} 31. Kg2 {[%clk 0:46:08]} Rxe4
{[%clk 0:41:15]} 32. hxg4 {[%clk 0:46:27]} Re1 {[%clk 0:40:34]} 33. Nf6+
{[%clk 0:39:16]} Kh8 {[%clk 0:40:29]} 34. Rxf2 {[%clk 0:38:16]} Rxd1
{[%clk 0:40:49]} 35. b4 {[%clk 0:32:14]} Rd4 {[%clk 0:39:41]} 36. c5
{[%clk 0:31:32]} bxc5 {[%clk 0:30:10]} 37. bxc5 {[%clk 0:31:49]} Ra4
{[%clk 0:29:01]} 38. Rf3 {[%clk 0:17:08]} Ra6 {[%clk 0:28:46]} 39. Nd7
{[%clk 0:07:49]} Rxf3 {[%clk 0:28:51]} 40. Kxf3 {[%clk 0:08:18]} Rxa3+ 41. Ke4
Kg7 {[%clk 0:25:07]} 42. c6 {[%clk 0:37:27]} Kf7 {[%clk 0:54:55]} 43. Nc5
{[%clk 0:35:07]} Rc3 {[%clk 0:54:51]} 44. Kd5 {[%clk 0:35:22]} Ke7
{[%clk 0:54:01]} 45. Ne4 {[%clk 0:29:32]} Rc1 {[%clk 0:54:06]} 46. Nc5
{[%clk 0:28:35]} Rxc5+ {[%clk 0:51:46]} 47. Kxc5 {[%clk 0:29:03]} Ke6
{[%clk 0:51:55]} 48. Kb5 {[%clk 0:28:11]} Kd6 {[%clk 0:52:13]} 49. Ka6
{[%clk 0:01:38]} Kxc6 {[%clk 0:52:38]} 50. Kxa7 {[%clk 0:02:06]} Kd5
{[%clk 0:52:40]} 51. Kb7 {[%clk 0:01:55]} Ke4 {[%clk 0:53:06]} 52. Kc6
{[%clk 0:01:59]} Kf3 {[%clk 0:53:21]} 53. Kd5 {[%clk 0:01:32]} Kxg3
{[%clk 0:53:32]} 0-1

[Event "World Chess Olympiad 2018"]
[Site "Batumi"]
[Date "2018.09.30"]
[Round "6"]
[Board "1"]
[WhiteFideId "23800011"]
[White "Bailey Matthew"]
[BlackFideId "16600037"]
[Black "Montel Jr Cyril Tomas"]
[Result "0-1"]
[LiveChessVersion "1.4.8"]
[BlackElo "1882"]
[WhiteElo "1060"]

1. d4 {[%clk 1:30:52]} d5 {[%clk 1:30:45]} 2. c4 {[%clk 1:31:05]} e5
{[%clk 1:30:18]} 3. e3 {[%clk 1:30:15]} Nc6 {[%clk 1:30:16]} 4. cxd5
{[%clk 1:27:07]} Qxd5 {[%clk 1:27:51]} 5. Nc3 {[%clk 1:27:21]} Qd8
{[%clk 1:27:43]} 6. d5 {[%clk 1:27:11]} Nb4 {[%clk 1:26:03]} 7. a3
{[%clk 1:26:51]} Na6 {[%clk 1:25:47]} 8. Nf3 {[%clk 1:25:55]} Bd6
{[%clk 1:24:25]} 9. Bxa6 {[%clk 1:24:12]} bxa6 {[%clk 1:24:39]} 10. Qa4+
{[%clk 1:23:47]} Qd7 {[%clk 1:23:27]} 11. Qxd7+ {[%clk 1:23:49]} Bxd7
{[%clk 1:23:46]} 12. Bd2 {[%clk 1:23:34]} Ne7 {[%clk 1:23:51]} 13. e4
{[%clk 1:23:13]} O-O {[%clk 1:24:11]} 14. Rc1 {[%clk 1:23:17]} c6
{[%clk 1:23:36]} 15. dxc6 {[%clk 1:22:57]} Nxc6 {[%clk 1:23:26]} 16. Ke2
{[%clk 1:22:50]} f5 {[%clk 1:18:39]} 17. Rhd1 {[%clk 1:22:43]} Nd4+
{[%clk 1:16:33]} 18. Nxd4 {[%clk 1:22:24]} exd4 {[%clk 1:16:15]} 19. Nd5
{[%clk 1:21:48]} fxe4 {[%clk 1:16:13]} 20. Bb4 {[%clk 1:21:35]} Bb5+
{[%clk 1:14:54]} 21. Ke1 {[%clk 1:21:16]} Bxb4+ {[%clk 1:13:33]} 22. Nxb4
{[%clk 1:21:27]} Rad8 {[%clk 1:13:04]} 23. Nc6 {[%clk 1:21:08]} Bxc6
{[%clk 1:05:16]} 24. Rxc6 {[%clk 1:21:25]} Rf6 {[%clk 0:56:10]} 25. Rc4
{[%clk 1:20:17]} Rfd6 {[%clk 0:56:11]} 26. Ke2 {[%clk 1:20:14]} Kf7
{[%clk 0:55:44]} 27. Rc7+ {[%clk 1:19:55]} R8d7 {[%clk 0:55:54]} 28. Rxd7+
{[%clk 1:20:09]} Rxd7 {[%clk 0:56:18]} 29. f3 {[%clk 1:19:58]} e3
{[%clk 0:56:18]} 30. Rd3 {[%clk 1:19:52]} Ke6 {[%clk 0:56:34]} 31. Rb3
{[%clk 1:20:02]} Kd5 {[%clk 0:56:35]} 32. Kd3 {[%clk 1:19:46]} h5
{[%clk 0:55:58]} 33. Rb4 {[%clk 1:20:03]} Kc5 {[%clk 0:55:40]} 34. Rc4+
{[%clk 1:20:27]} Kb5 {[%clk 0:55:03]} 35. Rb4+ {[%clk 1:20:35]} Kc6
{[%clk 0:52:34]} 36. Rc4+ {[%clk 1:19:34]} Kb7 {[%clk 0:52:44]} 37. Rc5
{[%clk 1:19:25]} g6 {[%clk 0:52:25]} 38. Rg5 {[%clk 1:19:24]} Rd6
{[%clk 0:52:28]} 39. h3 {[%clk 1:19:24]} Kc6 {[%clk 0:52:30]} 40. g4
{[%clk 1:49:21]} hxg4 {[%clk 1:21:34]} 41. hxg4 {[%clk 1:49:29]} Re6
{[%clk 1:20:05]} 42. Ke2 {[%clk 1:48:18]} d3+ {[%clk 1:20:11]} 43. Kxd3
{[%clk 1:48:12]} e2 {[%clk 1:20:30]} 0-1